00453nam a2200133Ia 45000010005000000080041000050820017000461000124000632450069001872600015002565900007002719010026002789990015003042959241024s9999 xx 000 0 und d aRD/378/UN58p aUniversidad Autónoma de Santo Domingo. Comisión Ejecutiva para la reforma y transformación universitaria, (CERTU) 0a6 preguntas sobre la reforma y la transformación universitaria bUASDc2008 asi a5/7/2013 9:34:02 a.m. c8315d8315